000 00852nam a22002297a 4500
003 OSt
005 20140310182145.0
008 130829t xxu||||| |||| 00| 0 eng d
020 _a0912365129
050 _aTX 907
_b.B733 1988
082 _aHS 647.95795
_bB74 1987
100 _aBrewster, David
_915497
245 _aNorthwest best places :
_brestaurant lodging and touring in Washington ,Oregon and Britain Columbia /
_cDavid Brewster
260 _aSeattle :
_bSasquatch books,
_cc1988.
300 _a544 p. :
_c22 cm.
650 _aRestaurants
_xLunch rooms ,etc.
_xWashington
_xGuidebooks
_915498
650 _aRestaurants, Lunch rooms etc.
_xOregon
_xGuidebook
_915499
650 _aRestaurants ,Lunch rooms, British Columbia
_xGuidebooks
_915500
650 _aHotels taverns
_xOregon
_xGuidebook
_915501
942 _2lcc
_cHS
999 _c9916
_d9916